Pathways 4 : Listening, speaking, and critical thingking / T.4.

Pathways, Second Edition, is a global, five-level academic English program. Carefully-guided lessons develop the language skills, critical thinking, and learning strategies required for academic success. Using authentic and relevant content from National Geographic, including video, charts, and othe...

Mô tả chi tiết

Lưu vào:
Hiển thị chi tiết
Tác giả chính: Paul, Macintyre
Định dạng: Sách giáo trình
Ngôn ngữ:English
Nhà xuất bản: China : Sherrise Roehr, @National Geographic Learning, 2018.
Phiên bản:Second edition.
Chủ đề:
Truy cập trực tuyến:https://dlib.phenikaa-uni.edu.vn/handle/PNK/2092
Từ khóa: Thêm từ khóa
Không có từ khóa, Hãy là người đầu tiên đánh dấu biểu ghi này!
LEADER 20568nam a22013817a 4500
005 20210721095603.0
008 200811t2018 cn a||||||||||||1 ||eng||
999 |c 5539  |d 5539 
020 |a 9781337562546  |c 360000 vnđ 
040 |a Phenikaa Uni  |b vie  |c Phenikaa Uni  |e aacr2 
041 |a eng 
044 |a cn 
082 0 4 |2 23  |a 428  |b P110H T4-2018 
100 |a Paul, Macintyre 
245 |a Pathways 4 :  |b Listening, speaking, and critical thingking /  |c Paul Macintyre  |n T.4. 
250 |a Second edition. 
260 |a China :  |b Sherrise Roehr,  |b @National Geographic Learning,  |c 2018. 
300 |a 228 tr. :  |b minh họa ;  |c 28 cm. 
520 3 |a Pathways, Second Edition, is a global, five-level academic English program. Carefully-guided lessons develop the language skills, critical thinking, and learning strategies required for academic success. Using authentic and relevant content from National Geographic, including video, charts, and other infographics, Pathways prepares students to work effectively and confidently in an academic environment. 
650 0 4 |a English 
653 |a Tiếng Anh 
856 |u https://dlib.phenikaa-uni.edu.vn/handle/PNK/2092 
942 |2 ddc  |c SGT 
952 |0 0  |1 0  |2 ddc  |3 T.4  |4 0  |6 428_000000000000000_P110H_T42018  |7 0  |9 18640  |a PHENIKAA  |b PHENIKAA  |c PNK_103  |d 2020-08-11  |e VP mua  |g 360000.00  |l 2  |m 1  |o 428 P110H T4-2018  |p 00019056  |q 2022-01-31  |r 2021-03-22  |s 2021-03-22  |v 360000.00  |w 2020-08-11  |y SGT 
952 |0 0  |1 0  |2 ddc  |3 T.4  |4 0  |6 428_000000000000000_P110H_T42018  |7 1  |9 18641  |a PHENIKAA  |b PHENIKAA  |c PNK_103  |d 2020-08-11  |e VP mua  |g 360000.00  |l 3  |o 428 P110H T4-2018  |p 00019057  |r 2021-10-05  |s 2021-02-05  |v 360000.00  |w 2020-08-11  |y SGT 
952 |0 0  |1 0  |2 ddc  |3 T.4  |4 0  |6 428_000000000000000_P110H_T42018  |7 0  |9 18642  |a PHENIKAA  |b PHENIKAA  |c PNK_103  |d 2020-08-11  |e VP mua  |g 360000.00  |l 2  |o 428 P110H T4-2018  |p 00019058  |r 2021-04-20  |s 2021-03-22  |v 360000.00  |w 2020-08-11  |y SGT 
952 |0 0  |1 0  |2 ddc  |3 T.4  |4 0  |6 428_000000000000000_P110H_T42018  |7 0  |9 18643  |a PHENIKAA  |b PHENIKAA  |c PNK_103  |d 2020-08-11  |e VP mua  |g 360000.00  |l 1  |m 1  |o 428 P110H T4-2018  |p 00019059  |q 2022-01-31  |r 2021-03-29  |s 2021-03-29  |v 360000.00  |w 2020-08-11  |y SGT 
952 |0 0  |1 0  |2 ddc  |3 T.4  |4 0  |6 428_000000000000000_P110H_T42018  |7 0  |9 18644  |a PHENIKAA  |b PHENIKAA  |c PNK_103  |d 2020-08-11  |e VP mua  |g 360000.00  |l 1  |o 428 P110H T4-2018  |p 00019060  |r 2021-04-29  |s 2021-01-28  |v 360000.00  |w 2020-08-11  |y SGT 
952 |0 0  |1 0  |2 ddc  |4 0  |6 428_000000000000000_P110H_T42018  |7 2  |9 31063  |a PHENIKAA  |b PHENIKAA  |c PNK_103  |d 2021-06-28  |e Mua  |g 380000.00  |l 0  |o 428 P110H T4-2018  |p 00031654  |r 2021-06-28  |v 380000.00  |w 2021-06-28  |y SGT 
952 |0 0  |1 0  |2 ddc  |4 0  |6 428_000000000000000_P110H_T42018  |7 0  |9 31064  |a PHENIKAA  |b PHENIKAA  |c PNK_103  |d 2021-06-28  |e Mua  |g 380000.00  |l 0  |o 428 P110H T4-2018  |p 00031655  |r 2021-06-28  |v 380000.00  |w 2021-06-28  |y SGT 
952 |0 0  |1 0  |2 ddc  |4 0  |6 428_000000000000000_P110H_T42018  |7 0  |9 31065  |a PHENIKAA  |b PHENIKAA  |c PNK_103  |d 2021-06-28  |e Mua  |g 380000.00  |l 0  |o 428 P110H T4-2018  |p 00031656  |r 2021-06-28  |v 380000.00  |w 2021-06-28  |y SGT 
952 |0 0  |1 0  |2 ddc  |4 0  |6 428_000000000000000_P110H_T42018  |7 0  |9 31066  |a PHENIKAA  |b PHENIKAA  |c PNK_103  |d 2021-06-28  |e Mua  |g 380000.00  |l 0  |o 428 P110H T4-2018  |p 00031657  |r 2021-06-28  |v 380000.00  |w 2021-06-28  |y SGT 
952 |0 0  |1 0  |2 ddc  |4 0  |6 428_000000000000000_P110H_T42018  |7 0  |9 31067  |a PHENIKAA  |b PHENIKAA  |c PNK_103  |d 2021-06-28  |e Mua  |g 380000.00  |l 0  |o 428 P110H T4-2018  |p 00031658  |r 2021-06-28  |v 380000.00  |w 2021-06-28  |y SGT 
952 |0 0  |1 0  |2 ddc  |4 0  |6 428_000000000000000_P110H_T42018  |7 0  |9 31068  |a PHENIKAA  |b PHENIKAA  |c PNK_103  |d 2021-06-28  |e Mua  |g 380000.00  |l 0  |o 428 P110H T4-2018  |p 00031659  |r 2021-06-28  |v 380000.00  |w 2021-06-28  |y SGT 
952 |0 0  |1 0  |2 ddc  |4 0  |6 428_000000000000000_P110H_T42018  |7 0  |9 31069  |a PHENIKAA  |b PHENIKAA  |c PNK_103  |d 2021-06-28  |e Mua  |g 380000.00  |l 0  |o 428 P110H T4-2018  |p 00031660  |r 2021-06-28  |v 380000.00  |w 2021-06-28  |y SGT 
952 |0 0  |1 0  |2 ddc  |4 0  |6 428_000000000000000_P110H_T42018  |7 0  |9 31070  |a PHENIKAA  |b PHENIKAA  |c PNK_103  |d 2021-06-28  |e Mua  |g 380000.00  |l 0  |o 428 P110H T4-2018  |p 00031661  |r 2021-06-28  |v 380000.00  |w 2021-06-28  |y SGT 
952 |0 0  |1 0  |2 ddc  |4 0  |6 428_000000000000000_P110H_T42018  |7 0  |9 31071  |a PHENIKAA  |b PHENIKAA  |c PNK_103  |d 2021-06-28  |e Mua  |g 380000.00  |l 0  |o 428 P110H T4-2018  |p 00031662  |r 2021-06-28  |v 380000.00  |w 2021-06-28  |y SGT 
952 |0 0  |1 0  |2 ddc  |4 0  |6 428_000000000000000_P110H_T42018  |7 0  |9 31072  |a PHENIKAA  |b PHENIKAA  |c PNK_103  |d 2021-06-28  |e Mua  |g 380000.00  |l 0  |o 428 P110H T4-2018  |p 00031663  |r 2021-06-28  |v 380000.00  |w 2021-06-28  |y SGT 
952 |0 0  |1 0  |2 ddc  |4 0  |6 428_000000000000000_P110H_T42018  |7 0  |9 31073  |a PHENIKAA  |b PHENIKAA  |c PNK_103  |d 2021-06-28  |e Mua  |g 380000.00  |l 0  |o 428 P110H T4-2018  |p 00031664  |r 2021-06-28  |v 380000.00  |w 2021-06-28  |y SGT 
952 |0 0  |1 0  |2 ddc  |4 0  |6 428_000000000000000_P110H_T42018  |7 0  |9 31074  |a PHENIKAA  |b PHENIKAA  |c PNK_103  |d 2021-06-28  |e Mua  |g 380000.00  |l 0  |o 428 P110H T4-2018  |p 00031665  |r 2021-06-28  |v 380000.00  |w 2021-06-28  |y SGT 
952 |0 0  |1 0  |2 ddc  |4 0  |6 428_000000000000000_P110H_T42018  |7 0  |9 31075  |a PHENIKAA  |b PHENIKAA  |c PNK_103  |d 2021-06-28  |e Mua  |g 380000.00  |l 0  |o 428 P110H T4-2018  |p 00031666  |r 2021-06-28  |v 380000.00  |w 2021-06-28  |y SGT 
952 |0 0  |1 0  |2 ddc  |4 0  |6 428_000000000000000_P110H_T42018  |7 0  |9 31076  |a PHENIKAA  |b PHENIKAA  |c PNK_103  |d 2021-06-28  |e Mua  |g 380000.00  |l 0  |o 428 P110H T4-2018  |p 00031667  |r 2021-06-28  |v 380000.00  |w 2021-06-28  |y SGT 
952 |0 0  |1 0  |2 ddc  |4 0  |6 428_000000000000000_P110H_T42018  |7 0  |9 31077  |a PHENIKAA  |b PHENIKAA  |c PNK_103  |d 2021-06-28  |e Mua  |g 380000.00  |l 0  |o 428 P110H T4-2018  |p 00031668  |r 2021-06-28  |v 380000.00  |w 2021-06-28  |y SGT 
952 |0 0  |1 0  |2 ddc  |4 0  |6 428_000000000000000_P110H_T42018  |7 0  |9 31078  |a PHENIKAA  |b PHENIKAA  |c PNK_103  |d 2021-06-28  |e Mua  |g 380000.00  |l 0  |o 428 P110H T4-2018  |p 00031669  |r 2021-06-28  |v 380000.00  |w 2021-06-28  |y SGT 
952 |0 0  |1 0  |2 ddc  |4 0  |6 428_000000000000000_P110H_T42018  |7 0  |9 31079  |a PHENIKAA  |b PHENIKAA  |c PNK_103  |d 2021-06-28  |e Mua  |g 380000.00  |l 0  |o 428 P110H T4-2018  |p 00031670  |r 2021-06-28  |v 380000.00  |w 2021-06-28  |y SGT 
952 |0 0  |1 0  |2 ddc  |4 0  |6 428_000000000000000_P110H_T42018  |7 0  |9 31080  |a PHENIKAA  |b PHENIKAA  |c PNK_103  |d 2021-06-28  |e Mua  |g 380000.00  |l 0  |o 428 P110H T4-2018  |p 00031671  |r 2021-06-28  |v 380000.00  |w 2021-06-28  |y SGT 
952 |0 0  |1 0  |2 ddc  |4 0  |6 428_000000000000000_P110H_T42018  |7 0  |9 31081  |a PHENIKAA  |b PHENIKAA  |c PNK_103  |d 2021-06-28  |e Mua  |g 380000.00  |l 0  |o 428 P110H T4-2018  |p 00031672  |r 2021-06-28  |v 380000.00  |w 2021-06-28  |y SGT 
952 |0 0  |1 0  |2 ddc  |4 0  |6 428_000000000000000_P110H_T42018  |7 0  |9 31082  |a PHENIKAA  |b PHENIKAA  |c PNK_103  |d 2021-06-28  |e Mua  |g 380000.00  |l 0  |o 428 P110H T4-2018  |p 00031673  |r 2021-06-28  |v 380000.00  |w 2021-06-28  |y SGT 
952 |0 0  |1 0  |2 ddc  |4 0  |6 428_000000000000000_P110H_T42018  |7 0  |9 31083  |a PHENIKAA  |b PHENIKAA  |c PNK_103  |d 2021-06-28  |e Mua  |g 380000.00  |l 0  |o 428 P110H T4-2018  |p 00031674  |r 2021-06-28  |v 380000.00  |w 2021-06-28  |y SGT 
952 |0 0  |1 0  |2 ddc  |4 0  |6 428_000000000000000_P110H_T42018  |7 0  |9 31084  |a PHENIKAA  |b PHENIKAA  |c PNK_103  |d 2021-06-28  |e Mua  |g 380000.00  |l 0  |o 428 P110H T4-2018  |p 00031675  |r 2021-06-28  |v 380000.00  |w 2021-06-28  |y SGT 
952 |0 0  |1 0  |2 ddc  |4 0  |6 428_000000000000000_P110H_T42018  |7 0  |9 31085  |a PHENIKAA  |b PHENIKAA  |c PNK_103  |d 2021-06-28  |e Mua  |g 380000.00  |l 0  |o 428 P110H T4-2018  |p 00031676  |r 2021-06-28  |v 380000.00  |w 2021-06-28  |y SGT 
952 |0 0  |1 0  |2 ddc  |4 0  |6 428_000000000000000_P110H_T42018  |7 0  |9 31086  |a PHENIKAA  |b PHENIKAA  |c PNK_103  |d 2021-06-28  |e Mua  |g 380000.00  |l 0  |o 428 P110H T4-2018  |p 00031677  |r 2021-06-28  |v 380000.00  |w 2021-06-28  |y SGT 
952 |0 0  |1 0  |2 ddc  |4 0  |6 428_000000000000000_P110H_T42018  |7 0  |9 31087  |a PHENIKAA  |b PHENIKAA  |c PNK_103  |d 2021-06-28  |e Mua  |g 380000.00  |l 0  |o 428 P110H T4-2018  |p 00031678  |r 2021-06-28  |v 380000.00  |w 2021-06-28  |y SGT 
952 |0 0  |1 0  |2 ddc  |4 0  |6 428_000000000000000_P110H_T42018  |7 0  |9 31088  |a PHENIKAA  |b PHENIKAA  |c PNK_103  |d 2021-06-28  |e Mua  |g 380000.00  |l 0  |o 428 P110H T4-2018  |p 00031679  |r 2021-06-28  |v 380000.00  |w 2021-06-28  |y SGT 
952 |0 0  |1 0  |2 ddc  |4 0  |6 428_000000000000000_P110H_T42018  |7 0  |9 31089  |a PHENIKAA  |b PHENIKAA  |c PNK_103  |d 2021-06-28  |e Mua  |g 380000.00  |l 0  |o 428 P110H T4-2018  |p 00031680  |r 2021-06-28  |v 380000.00  |w 2021-06-28  |y SGT 
952 |0 0  |1 0  |2 ddc  |4 0  |6 428_000000000000000_P110H_T42018  |7 0  |9 31090  |a PHENIKAA  |b PHENIKAA  |c PNK_103  |d 2021-06-28  |e Mua  |g 380000.00  |l 0  |o 428 P110H T4-2018  |p 00031681  |r 2021-06-28  |v 380000.00  |w 2021-06-28  |y SGT 
952 |0 0  |1 0  |2 ddc  |4 0  |6 428_000000000000000_P110H_T42018  |7 0  |9 31091  |a PHENIKAA  |b PHENIKAA  |c PNK_103  |d 2021-06-28  |e Mua  |g 380000.00  |l 0  |o 428 P110H T4-2018  |p 00031682  |r 2021-06-28  |v 380000.00  |w 2021-06-28  |y SGT 
952 |0 0  |1 0  |2 ddc  |4 0  |6 428_000000000000000_P110H_T42018  |7 0  |9 31092  |a PHENIKAA  |b PHENIKAA  |c PNK_103  |d 2021-06-28  |e Mua  |g 380000.00  |l 0  |o 428 P110H T4-2018  |p 00031683  |r 2021-06-28  |v 380000.00  |w 2021-06-28  |y SGT 
952 |0 0  |1 0  |2 ddc  |4 0  |6 428_000000000000000_P110H_T42018  |7 0  |9 31093  |a PHENIKAA  |b PHENIKAA  |c PNK_103  |d 2021-06-28  |e Mua  |g 380000.00  |l 0  |o 428 P110H T4-2018  |p 00031684  |r 2021-06-28  |v 380000.00  |w 2021-06-28  |y SGT 
952 |0 0  |1 0  |2 ddc  |4 0  |6 428_000000000000000_P110H_T42018  |7 0  |9 31094  |a PHENIKAA  |b PHENIKAA  |c PNK_103  |d 2021-06-28  |e Mua  |g 380000.00  |l 0  |o 428 P110H T4-2018  |p 00031685  |r 2021-06-28  |v 380000.00  |w 2021-06-28  |y SGT 
952 |0 0  |1 0  |2 ddc  |4 0  |6 428_000000000000000_P110H_T42018  |7 0  |9 31095  |a PHENIKAA  |b PHENIKAA  |c PNK_103  |d 2021-06-28  |e Mua  |g 380000.00  |l 0  |o 428 P110H T4-2018  |p 00031686  |r 2021-06-28  |v 380000.00  |w 2021-06-28  |y SGT 
952 |0 0  |1 0  |2 ddc  |4 0  |6 428_000000000000000_P110H_T42018  |7 0  |9 31096  |a PHENIKAA  |b PHENIKAA  |c PNK_103  |d 2021-06-28  |e Mua  |g 380000.00  |l 0  |o 428 P110H T4-2018  |p 00031687  |r 2021-06-28  |v 380000.00  |w 2021-06-28  |y SGT 
952 |0 0  |1 0  |2 ddc  |4 0  |6 428_000000000000000_P110H_T42018  |7 0  |9 31097  |a PHENIKAA  |b PHENIKAA  |c PNK_103  |d 2021-06-28  |e Mua  |g 380000.00  |l 0  |o 428 P110H T4-2018  |p 00031688  |r 2021-06-28  |v 380000.00  |w 2021-06-28  |y SGT 
952 |0 0  |1 0  |2 ddc  |4 0  |6 428_000000000000000_P110H_T42018  |7 0  |9 31098  |a PHENIKAA  |b PHENIKAA  |c PNK_103  |d 2021-06-28  |e Mua  |g 380000.00  |l 0  |o 428 P110H T4-2018  |p 00031689  |r 2021-06-28  |v 380000.00  |w 2021-06-28  |y SGT 
952 |0 0  |1 0  |2 ddc  |4 0  |6 428_000000000000000_P110H_T42018  |7 0  |9 31099  |a PHENIKAA  |b PHENIKAA  |c PNK_103  |d 2021-06-28  |e Mua  |g 380000.00  |l 0  |o 428 P110H T4-2018  |p 00031690  |r 2021-06-28  |v 380000.00  |w 2021-06-28  |y SGT 
952 |0 0  |1 0  |2 ddc  |4 0  |6 428_000000000000000_P110H_T42018  |7 0  |9 31100  |a PHENIKAA  |b PHENIKAA  |c PNK_103  |d 2021-06-28  |e Mua  |g 380000.00  |l 0  |o 428 P110H T4-2018  |p 00031691  |r 2021-06-28  |v 380000.00  |w 2021-06-28  |y SGT 
952 |0 0  |1 0  |2 ddc  |4 0  |6 428_000000000000000_P110H_T42018  |7 0  |9 31101  |a PHENIKAA  |b PHENIKAA  |c PNK_103  |d 2021-06-28  |e Mua  |g 380000.00  |l 0  |o 428 P110H T4-2018  |p 00031692  |r 2021-06-28  |v 380000.00  |w 2021-06-28  |y SGT 
952 |0 0  |1 0  |2 ddc  |4 0  |6 428_000000000000000_P110H_T42018  |7 0  |9 31102  |a PHENIKAA  |b PHENIKAA  |c PNK_103  |d 2021-06-28  |e Mua  |g 380000.00  |l 0  |o 428 P110H T4-2018  |p 00031693  |r 2021-06-28  |v 380000.00  |w 2021-06-28  |y SGT 
952 |0 0  |1 0  |2 ddc  |4 0  |6 428_000000000000000_P110H_T42018  |7 0  |9 31103  |a PHENIKAA  |b PHENIKAA  |c PNK_103  |d 2021-06-28  |e Mua  |g 380000.00  |l 0  |o 428 P110H T4-2018  |p 00031694  |r 2021-06-28  |v 380000.00  |w 2021-06-28  |y SGT 
952 |0 0  |1 0  |2 ddc  |4 0  |6 428_000000000000000_P110H_T42018  |7 0  |9 31104  |a PHENIKAA  |b PHENIKAA  |c PNK_103  |d 2021-06-28  |e Mua  |g 380000.00  |l 0  |o 428 P110H T4-2018  |p 00031695  |r 2021-06-28  |v 380000.00  |w 2021-06-28  |y SGT 
952 |0 0  |1 0  |2 ddc  |4 0  |6 428_000000000000000_P110H_T42018  |7 0  |9 31105  |a PHENIKAA  |b PHENIKAA  |c PNK_103  |d 2021-06-28  |e Mua  |g 380000.00  |l 0  |o 428 P110H T4-2018  |p 00031696  |r 2021-06-28  |v 380000.00  |w 2021-06-28  |y SGT 
952 |0 0  |1 0  |2 ddc  |4 0  |6 428_000000000000000_P110H_T42018  |7 0  |9 31106  |a PHENIKAA  |b PHENIKAA  |c PNK_103  |d 2021-06-28  |e Mua  |g 380000.00  |l 0  |o 428 P110H T4-2018  |p 00031697  |r 2021-06-28  |v 380000.00  |w 2021-06-28  |y SGT 
952 |0 0  |1 0  |2 ddc  |4 0  |6 428_000000000000000_P110H_T42018  |7 0  |9 31107  |a PHENIKAA  |b PHENIKAA  |c PNK_103  |d 2021-06-28  |e Mua  |g 380000.00  |l 0  |o 428 P110H T4-2018  |p 00031698  |r 2021-06-28  |v 380000.00  |w 2021-06-28  |y SGT 
952 |0 0  |1 0  |2 ddc  |4 0  |6 428_000000000000000_P110H_T42018  |7 0  |9 31108  |a PHENIKAA  |b PHENIKAA  |c PNK_103  |d 2021-06-28  |e Mua  |g 380000.00  |l 0  |o 428 P110H T4-2018  |p 00031699  |r 2021-06-28  |v 380000.00  |w 2021-06-28  |y SGT 
952 |0 0  |1 0  |2 ddc  |4 0  |6 428_000000000000000_P110H_T42018  |7 0  |9 31109  |a PHENIKAA  |b PHENIKAA  |c PNK_103  |d 2021-06-28  |e Mua  |g 380000.00  |l 0  |o 428 P110H T4-2018  |p 00031700  |r 2021-06-28  |v 380000.00  |w 2021-06-28  |y SGT 
952 |0 0  |1 0  |2 ddc  |4 0  |6 428_000000000000000_P110H_T42018  |7 0  |9 31110  |a PHENIKAA  |b PHENIKAA  |c PNK_103  |d 2021-06-28  |e Mua  |g 380000.00  |l 0  |o 428 P110H T4-2018  |p 00031701  |r 2021-06-28  |v 380000.00  |w 2021-06-28  |y SGT 
952 |0 0  |1 0  |2 ddc  |4 0  |6 428_000000000000000_P110H_T42018  |7 0  |9 31111  |a PHENIKAA  |b PHENIKAA  |c PNK_103  |d 2021-06-28  |e Mua  |g 380000.00  |l 0  |o 428 P110H T4-2018  |p 00031702  |r 2021-06-28  |v 380000.00  |w 2021-06-28  |y SGT 
952 |0 0  |1 0  |2 ddc  |4 0  |6 428_000000000000000_P110H_T42018  |7 0  |9 31112  |a PHENIKAA  |b PHENIKAA  |c PNK_103  |d 2021-06-28  |e Mua  |g 380000.00  |l 0  |o 428 P110H T4-2018  |p 00031703  |r 2021-06-28  |v 380000.00  |w 2021-06-28  |y SGT 
952 |0 0  |1 0  |2 ddc  |4 0  |6 428_000000000000000_P110H_T42018  |7 0  |9 31113  |a PHENIKAA  |b PHENIKAA  |c PNK_103  |d 2021-06-28  |e Mua  |g 380000.00  |l 0  |o 428 P110H T4-2018  |p 00031704  |r 2021-06-28  |v 380000.00  |w 2021-06-28  |y SGT 
952 |0 0  |1 0  |2 ddc  |4 0  |6 428_000000000000000_P110H_T42018  |7 0  |9 31114  |a PHENIKAA  |b PHENIKAA  |c PNK_103  |d 2021-06-28  |e Mua  |g 380000.00  |l 0  |o 428 P110H T4-2018  |p 00031705  |r 2021-06-28  |v 380000.00  |w 2021-06-28  |y SGT 
952 |0 0  |1 0  |2 ddc  |4 0  |6 428_000000000000000_P110H_T42018  |7 0  |9 31115  |a PHENIKAA  |b PHENIKAA  |c PNK_103  |d 2021-06-28  |e Mua  |g 380000.00  |l 0  |o 428 P110H T4-2018  |p 00031706  |r 2021-06-28  |v 380000.00  |w 2021-06-28  |y SGT 
952 |0 0  |1 0  |2 ddc  |4 0  |6 428_000000000000000_P110H_T42018  |7 0  |9 31116  |a PHENIKAA  |b PHENIKAA  |c PNK_103  |d 2021-06-28  |e Mua  |g 380000.00  |l 0  |o 428 P110H T4-2018  |p 00031707  |r 2021-06-28  |v 380000.00  |w 2021-06-28  |y SGT 
952 |0 0  |1 0  |2 ddc  |4 0  |6 428_000000000000000_P110H_T42018  |7 0  |9 31117  |a PHENIKAA  |b PHENIKAA  |c PNK_103  |d 2021-06-28  |e Mua  |g 380000.00  |l 0  |o 428 P110H T4-2018  |p 00031708  |r 2021-06-28  |v 380000.00  |w 2021-06-28  |y SGT 
952 |0 0  |1 0  |2 ddc  |4 0  |6 428_000000000000000_P110H_T42018  |7 0  |9 31118  |a PHENIKAA  |b PHENIKAA  |c PNK_103  |d 2021-06-28  |e Mua  |g 380000.00  |l 0  |o 428 P110H T4-2018  |p 00031709  |r 2021-06-28  |v 380000.00  |w 2021-06-28  |y SGT 
952 |0 0  |1 0  |2 ddc  |4 0  |6 428_000000000000000_P110H_T42018  |7 0  |9 31119  |a PHENIKAA  |b PHENIKAA  |c PNK_103  |d 2021-06-28  |e Mua  |g 380000.00  |l 0  |o 428 P110H T4-2018  |p 00031710  |r 2021-06-28  |v 380000.00  |w 2021-06-28  |y SGT 
952 |0 0  |1 0  |2 ddc  |4 0  |6 428_000000000000000_P110H_T42018  |7 0  |9 31120  |a PHENIKAA  |b PHENIKAA  |c PNK_103  |d 2021-06-28  |e Mua  |g 380000.00  |l 0  |o 428 P110H T4-2018  |p 00031711  |r 2021-06-28  |v 380000.00  |w 2021-06-28  |y SGT 
952 |0 0  |1 0  |2 ddc  |4 0  |6 428_000000000000000_P110H_T42018  |7 0  |9 31121  |a PHENIKAA  |b PHENIKAA  |c PNK_103  |d 2021-06-28  |e Mua  |g 380000.00  |l 0  |o 428 P110H T4-2018  |p 00031712  |r 2021-06-28  |v 380000.00  |w 2021-06-28  |y SGT 
952 |0 0  |1 0  |2 ddc  |4 0  |6 428_000000000000000_P110H_T42018  |7 0  |9 31122  |a PHENIKAA  |b PHENIKAA  |c PNK_103  |d 2021-06-28  |e Mua  |g 380000.00  |l 0  |o 428 P110H T4-2018  |p 00031713  |r 2021-06-28  |v 380000.00  |w 2021-06-28  |y SGT 
952 |0 0  |1 0  |2 ddc  |4 0  |6 428_000000000000000_P110H_T42018  |7 0  |9 31123  |a PHENIKAA  |b PHENIKAA  |c PNK_103  |d 2021-06-28  |e Mua  |g 380000.00  |l 0  |o 428 P110H T4-2018  |p 00031714  |r 2021-06-28  |v 380000.00  |w 2021-06-28  |y SGT 
952 |0 0  |1 0  |2 ddc  |4 0  |6 428_000000000000000_P110H_T42018  |7 0  |9 31124  |a PHENIKAA  |b PHENIKAA  |c PNK_103  |d 2021-06-28  |e Mua  |g 380000.00  |l 0  |o 428 P110H T4-2018  |p 00031715  |r 2021-06-28  |v 380000.00  |w 2021-06-28  |y SGT 
952 |0 0  |1 0  |2 ddc  |4 0  |6 428_000000000000000_P110H_T42018  |7 0  |9 31125  |a PHENIKAA  |b PHENIKAA  |c PNK_103  |d 2021-06-28  |e Mua  |g 380000.00  |l 0  |o 428 P110H T4-2018  |p 00031716  |r 2021-06-28  |v 380000.00  |w 2021-06-28  |y SGT 
952 |0 0  |1 0  |2 ddc  |4 0  |6 428_000000000000000_P110H_T42018  |7 0  |9 31126  |a PHENIKAA  |b PHENIKAA  |c PNK_103  |d 2021-06-28  |e Mua  |g 380000.00  |l 0  |o 428 P110H T4-2018  |p 00031717  |r 2021-06-28  |v 380000.00  |w 2021-06-28  |y SGT 
952 |0 0  |1 0  |2 ddc  |4 0  |6 428_000000000000000_P110H_T42018  |7 0  |9 31127  |a PHENIKAA  |b PHENIKAA  |c PNK_103  |d 2021-06-28  |e Mua  |g 380000.00  |l 0  |o 428 P110H T4-2018  |p 00031718  |r 2021-06-28  |v 380000.00  |w 2021-06-28  |y SGT 
952 |0 0  |1 0  |2 ddc  |4 0  |6 428_000000000000000_P110H_T42018  |7 0  |9 31128  |a PHENIKAA  |b PHENIKAA  |c PNK_103  |d 2021-06-28  |e Mua  |g 380000.00  |l 0  |o 428 P110H T4-2018  |p 00031719  |r 2021-06-28  |v 380000.00  |w 2021-06-28  |y SGT 
952 |0 0  |1 0  |2 ddc  |4 0  |6 428_000000000000000_P110H_T42018  |7 0  |9 31129  |a PHENIKAA  |b PHENIKAA  |c PNK_103  |d 2021-06-28  |e Mua  |g 380000.00  |l 0  |o 428 P110H T4-2018  |p 00031720  |r 2021-06-28  |v 380000.00  |w 2021-06-28  |y SGT 
952 |0 0  |1 0  |2 ddc  |4 0  |6 428_000000000000000_P110H_T42018  |7 0  |9 31130  |a PHENIKAA  |b PHENIKAA  |c PNK_103  |d 2021-06-28  |e Mua  |g 380000.00  |l 0  |o 428 P110H T4-2018  |p 00031721  |r 2021-06-28  |v 380000.00  |w 2021-06-28  |y SGT 
952 |0 0  |1 0  |2 ddc  |4 0  |6 428_000000000000000_P110H_T42018  |7 0  |9 31131  |a PHENIKAA  |b PHENIKAA  |c PNK_103  |d 2021-06-28  |e Mua  |g 380000.00  |l 0  |o 428 P110H T4-2018  |p 00031722  |r 2021-06-28  |v 380000.00  |w 2021-06-28  |y SGT 
952 |0 0  |1 0  |2 ddc  |4 0  |6 428_000000000000000_P110H_T42018  |7 0  |9 31132  |a PHENIKAA  |b PHENIKAA  |c PNK_103  |d 2021-06-28  |e Mua  |g 380000.00  |l 0  |o 428 P110H T4-2018  |p 00031723  |r 2021-06-28  |v 380000.00  |w 2021-06-28  |y SGT 
952 |0 0  |1 0  |2 ddc  |4 0  |6 428_000000000000000_P110H_T42018  |7 0  |9 31133  |a PHENIKAA  |b PHENIKAA  |c PNK_103  |d 2021-06-28  |e Mua  |g 380000.00  |l 0  |o 428 P110H T4-2018  |p 00031724  |r 2021-06-28  |v 380000.00  |w 2021-06-28  |y SGT 
952 |0 0  |1 0  |2 ddc  |4 0  |6 428_000000000000000_P110H_T42018  |7 0  |9 31134  |a PHENIKAA  |b PHENIKAA  |c PNK_103  |d 2021-06-28  |e Mua  |g 380000.00  |l 0  |o 428 P110H T4-2018  |p 00031725  |r 2021-06-28  |v 380000.00  |w 2021-06-28  |y SGT 
952 |0 0  |1 0  |2 ddc  |4 0  |6 428_000000000000000_P110H_T42018  |7 0  |9 31135  |a PHENIKAA  |b PHENIKAA  |c PNK_103  |d 2021-06-28  |e Mua  |g 380000.00  |l 0  |o 428 P110H T4-2018  |p 00031726  |r 2021-06-28  |v 380000.00  |w 2021-06-28  |y SGT 
952 |0 0  |1 0  |2 ddc  |4 0  |6 428_000000000000000_P110H_T42018  |7 0  |9 31136  |a PHENIKAA  |b PHENIKAA  |c PNK_103  |d 2021-06-28  |e Mua  |g 380000.00  |l 0  |o 428 P110H T4-2018  |p 00031727  |r 2021-06-28  |v 380000.00  |w 2021-06-28  |y SGT 
952 |0 0  |1 0  |2 ddc  |4 0  |6 428_000000000000000_P110H_T42018  |7 0  |9 31137  |a PHENIKAA  |b PHENIKAA  |c PNK_103  |d 2021-06-28  |e Mua  |g 380000.00  |l 0  |o 428 P110H T4-2018  |p 00031728  |r 2021-06-28  |v 380000.00  |w 2021-06-28  |y SGT 
952 |0 0  |1 0  |2 ddc  |4 0  |6 428_000000000000000_P110H_T42018  |7 0  |9 31138  |a PHENIKAA  |b PHENIKAA  |c PNK_103  |d 2021-06-28  |e Mua  |g 380000.00  |l 0  |o 428 P110H T4-2018  |p 00031729  |r 2021-06-28  |v 380000.00  |w 2021-06-28  |y SGT 
952 |0 0  |1 0  |2 ddc  |4 0  |6 428_000000000000000_P110H_T42018  |7 0  |9 31139  |a PHENIKAA  |b PHENIKAA  |c PNK_103  |d 2021-06-28  |e Mua  |g 380000.00  |l 0  |o 428 P110H T4-2018  |p 00031730  |r 2021-06-28  |v 380000.00  |w 2021-06-28  |y SGT 
952 |0 0  |1 0  |2 ddc  |4 0  |6 428_000000000000000_P110H_T42018  |7 0  |9 31140  |a PHENIKAA  |b PHENIKAA  |c PNK_103  |d 2021-06-28  |e Mua  |g 380000.00  |l 0  |o 428 P110H T4-2018  |p 00031731  |r 2021-06-28  |v 380000.00  |w 2021-06-28  |y SGT 
952 |0 1  |1 0  |2 ddc  |4 0  |6 428_000000000000000_P110H_T42018  |7 1  |9 31141  |a PHENIKAA  |b PHENIKAA  |c PNK_102  |d 2021-06-28  |e Mua  |g 380000.00  |l 0  |o 428 P110H T4-2018  |p 00031732  |r 2021-06-28  |v 380000.00  |w 2021-06-28  |x Tài liệu tách rời để số hóa  |y SGT  |x Tài liệu tách rời để số hóa 
952 |0 0  |1 0  |2 ddc  |4 0  |6 428_000000000000000_P110H_T42018  |7 0  |9 31142  |a PHENIKAA  |b PHENIKAA  |c PNK_103  |d 2021-06-28  |e Mua  |g 380000.00  |l 0  |o 428 P110H T4-2018  |p 00031733  |r 2021-06-28  |v 380000.00  |w 2021-06-28  |y SGT 
952 |0 0  |1 0  |2 ddc  |4 0  |6 428_000000000000000_P110H_T42018  |7 0  |9 31143  |a PHENIKAA  |b PHENIKAA  |c PNK_103  |d 2021-06-28  |e Mua  |g 380000.00  |l 0  |o 428 P110H T4-2018  |p 00031734  |r 2021-06-28  |v 380000.00  |w 2021-06-28  |y SGT 
952 |0 0  |1 0  |2 ddc  |4 0  |6 428_000000000000000_P110H_T42018  |7 0  |9 31144  |a PHENIKAA  |b PHENIKAA  |c PNK_103  |d 2021-06-28  |e Mua  |g 380000.00  |l 0  |o 428 P110H T4-2018  |p 00031735  |r 2021-06-28  |v 380000.00  |w 2021-06-28  |y SGT 
952 |0 0  |1 0  |2 ddc  |4 0  |6 428_000000000000000_P110H_T42018  |7 0  |9 31145  |a PHENIKAA  |b PHENIKAA  |c PNK_103  |d 2021-06-28  |e Mua  |g 380000.00  |l 0  |o 428 P110H T4-2018  |p 00031736  |r 2021-06-28  |v 380000.00  |w 2021-06-28  |y SGT 
952 |0 0  |1 0  |2 ddc  |4 0  |6 428_000000000000000_P110H_T42018  |7 0  |9 31146  |a PHENIKAA  |b PHENIKAA  |c PNK_103  |d 2021-06-28  |e Mua  |g 380000.00  |l 0  |o 428 P110H T4-2018  |p 00031737  |r 2021-06-28  |v 380000.00  |w 2021-06-28  |y SGT 
952 |0 0  |1 0  |2 ddc  |4 0  |6 428_000000000000000_P110H_T42018  |7 0  |9 31147  |a PHENIKAA  |b PHENIKAA  |c PNK_103  |d 2021-06-28  |e Mua  |g 380000.00  |l 0  |o 428 P110H T4-2018  |p 00031738  |r 2021-06-28  |v 380000.00  |w 2021-06-28  |y SGT 
952 |0 0  |1 0  |2 ddc  |4 0  |6 428_000000000000000_P110H_T42018  |7 0  |9 31148  |a PHENIKAA  |b PHENIKAA  |c PNK_103  |d 2021-06-28  |e Mua  |g 380000.00  |l 0  |o 428 P110H T4-2018  |p 00031739  |r 2021-06-28  |v 380000.00  |w 2021-06-28  |y SGT 
952 |0 0  |1 0  |2 ddc  |4 0  |6 428_000000000000000_P110H_T42018  |7 0  |9 31149  |a PHENIKAA  |b PHENIKAA  |c PNK_103  |d 2021-06-28  |e Mua  |g 380000.00  |l 0  |o 428 P110H T4-2018  |p 00031740  |r 2021-06-28  |v 380000.00  |w 2021-06-28  |y SGT 
952 |0 0  |1 0  |2 ddc  |4 0  |6 428_000000000000000_P110H_T42018  |7 0  |9 31150  |a PHENIKAA  |b PHENIKAA  |c PNK_103  |d 2021-06-28  |e Mua  |g 380000.00  |l 0  |o 428 P110H T4-2018  |p 00031741  |r 2021-06-28  |v 380000.00  |w 2021-06-28  |y SGT 
952 |0 0  |1 0  |2 ddc  |4 0  |6 428_000000000000000_P110H_T42018  |7 0  |9 31151  |a PHENIKAA  |b PHENIKAA  |c PNK_103  |d 2021-06-28  |e Mua  |g 380000.00  |l 0  |o 428 P110H T4-2018  |p 00031742  |r 2021-06-28  |v 380000.00  |w 2021-06-28  |y SGT 
952 |0 0  |1 0  |2 ddc  |4 0  |6 428_000000000000000_P110H_T42018  |7 0  |9 31152  |a PHENIKAA  |b PHENIKAA  |c PNK_103  |d 2021-06-28  |e Mua  |g 380000.00  |l 0  |o 428 P110H T4-2018  |p 00031743  |r 2021-06-28  |v 380000.00  |w 2021-06-28  |y SGT